000 00420nam a2200157Ia 4500
008 210716s2014 xx 000 0 und d
020 _a9788126515899
041 _aeng
082 _a658.304 SCHR
100 _aSchuler, Randall S;Jackson, Susan E.
245 _aStrategic human resource management.
250 _a2
260 _aNew Delhi
_bWILEY
_c2014
300 _axviii,478
650 _aHuman Resource Management
999 _c209554
_d209554